List of indian states by population - Statistics

General Stats
  • This quiz has been taken 327 times
  • The average score is 6 of 15
Answer Stats
Population (In millions) State % Correct
72 Tamil nadu
74%
68 Rajasthan
64%
91 West bengal
64%
61 Karnataka
63%
33 Kerala
62%
61 Gujarat
60%
102 Bihar
59%
27 Punjab
59%
31 Assam
39%
32 Jharkhand
33%
112 maharastra
28%
41 Odisha
24%
199 Uttar predesh
6%
84 Andhra predesh
5%
72 Madhya predesh
5%
No matching quizzes found
Score Distribution
Percent of People with Each Score
Percentile by Number Answered
Your Score History
You have not taken this quiz